| 000 | 00991nam a22002897a 4500 | ||
|---|---|---|---|
| 001 | 749 | ||
| 005 | 20230705144837.0 | ||
| 008 | 230705b cb ||||| |||| 00| 0 eng d | ||
| 020 | _a0670200387 | ||
| 040 |
_aDLC _cDLC _dDLC _beng |
||
| 050 | 0 | 0 |
_aPZ7.A2615 _bCaf 1982 |
| 082 | 0 | 0 |
_a[Fic] _219 |
| 100 | 1 | _aAdler, David A. | |
| 245 | 1 | 0 |
_aCam Jansen and the mystery of the gold coins / _cDavid A. Adler ; illustrated by Susanna Natti. |
| 250 | _a1st ed. | ||
| 260 |
_aNew York : _bPuffin, _c1982. |
||
| 300 |
_a57 pages : _billustrations ; _c20 cm. |
||
| 490 | 1 |
_aCam Jansen adventure ; _vCase 5 |
|
| 505 | _aO | ||
| 520 | _aWhile using her photographic memory to find her missing science fair project, Cam accidently locates two valuable gold coins. | ||
| 521 |
_a620
_bLexile |
||
| 521 |
_aO
_bRaz-Plus |
||
| 650 | 1 | _aMystery and detective stories. | |
| 700 | 1 |
_aNatti, Susanna, _eillustrator. |
|
| 906 |
_a7 _bcbc _corignew _du _eocip _f19 _gy-gencatlg |
||
| 942 |
_2ddc _cBK _n0 |
||
| 999 |
_c749 _d749 |
||